000 01288nam a2200277Ia 4500
003 OSt
005 20200814224812.0
008 191128s2010 ck gr 000 0 spa d
020 _a9789588350530
040 _aCO-JMCR
_cCO-JMCR
041 0 _aspa
082 0 4 _a345.02 /
_bL864c
_223
100 1 _aLópez Mojica, Adriana Cristina,
_eautor
_98825
245 1 3 _aEl concierto para delinquir y el tránsito legislativo suscitado por la Ley 1121 de 2006 /
_cAdriana Cristina López Mojica
250 _aPrimera edición
260 _aBogotá :
_bUniversidad Sergio Arboleda,
_c2010
300 _a113 páginas :
_c21 cm.
490 0 _aTesis académicas. Derecho penal
500 _aIncluye notas a pie de página.
504 _aBibliografía: páginas 111-114
505 0 _aLa norma penal -- Evolución del concierto para delinquir en Colombia -- El concierto para delinquir : su configuración típica -- Estudio jurisprudencial
520 3 _aEs indudable que este estudio representa una importante reflexión académica surgida de nuestras aulas universitarias que, obvio es decirlo, debe ser valorada de forma altamente positiva. El solo hecho de que una joven recién egresada.
650 1 4 _aConcierto para delinquir
_98826
650 1 4 _aNorma penal
_98827
942 _2ddc
_cBK
999 _c3893
_d3893